000
00235nam a2200097Ia 4500
001
721533
005
20250826163254.0
008
250824s9999 xx 000 0 und d
245
0
_a
KIRIK BEBEKLER
_c
JAMES CAROL
260
_b
PANAMA YAYINLARI
999
_c
721533
_d
721533